Let Us ' Python' (Record no. 359030)

MARC details
000 -LEADER
fixed length control field 00235nam a2200097Ia 4500
008 - FIXED-LENGTH DATA ELEMENTS--GENERAL INFORMATION
fixed length control field 240709s9999 xx 000 0 und d
041 ## - LANGUAGE CODE
Language code of text/sound track or separate title eng
100 ## - MAIN ENTRY--PERSONAL NAME
Personal name Yashwant Kanetkar
9 (RLIN) 207853
245 ## - TITLE STATEMENT
Title Let Us ' Python'
260 ## - PUBLICATION, DISTRIBUTION, ETC. (IMPRINT)
Name of publisher, distributor, etc. BPB Publisher
Holdings
Withdrawn status Lost status Damaged status Not for loan Home library Current library Date acquired Cost, normal purchase price Total Checkouts Barcode Checked out Date last seen Date last checked out Bill Date Koha item type Original Barcode
        BCA College Wai BCA College Wai 09/07/2024 330.00 4 BCAW-BK-323 25/04/2025 17/04/2025 17/04/2025 09/07/2024 Books 323